000 00915 a2200205 4500
999 _c3840
_d3840
020 _a9781851095100)
050 0 0 _aLB1623 WIL 2003
245 0 0 _aMiddle grades education :
_ba reference handbook /
_cedited by Pat Williams-Boyd.
264 _aOxford:
_bABC CLIO,
_c2003
300 _axviii, 465p. :
_bill.
440 0 _aContemporary education issues
500 _aIncludes bibliographical references and index.
504 _aIncludes bibliographical references and index.
650 0 _aMiddle school education
700 1 _aWilliams-Boyd, Pat.
856 4 2 _3Publisher description
_uhttp://www.loc.gov/catdir/description/abcclio041/2003019563.html
856 4 1 _3Table of contents
_uhttp://www.loc.gov/catdir/toc/ecip048/2003019563.html
942 _2lcc
_cBK
_h1623
_iWIL
_kLB